00482nam a22001577a 450000500170000000800410001704000190005804100120007708200150008910000270010424500780013126000430020930000310025265000310028385000100031420160113121348.0160113b xxu||||| |||| 00| 0 eng d aLoreto College aEnglish a811.3bWHI aChari, V Kq V K Chari aWhitman in the Light of Vedantic Mysticismb:an interpretationcV K Chari aLincolnbUniversity of Nebraska c1964 axiii, 176p.bInclude index aAmerican poetry in English aLCLIB